00322nam a22000977a 4500008004100000082001700041110004000058245007900098260004000177300000700217230620b xxu||||| |||| 00| 0 eng d a324.95b ECI bElection Commission of India d2004 aModel Code of conduct for the guidance of political parties and candidates bElection Commission of India c2004 a8p